<?xml version="1.0" encoding="UTF-8"?>
<record
    xmlns:xsi="http://www.w3.org/2001/XMLSchema-instance"
    xsi:schemaLocation="http://www.loc.gov/MARC21/slim http://www.loc.gov/standards/marcxml/schema/MARC21slim.xsd"
    xmlns="http://www.loc.gov/MARC21/slim">

  <leader>01992nam a2200325   4500</leader>
  <controlfield tag="001">118</controlfield>
  <controlfield tag="003">OSt</controlfield>
  <controlfield tag="005">20250528074012.0</controlfield>
  <controlfield tag="008">250127b        |||||||e |||| 00| 1 eng d</controlfield>
  <datafield tag="020" ind1=" " ind2=" ">
    <subfield code="a">9788580412192</subfield>
  </datafield>
  <datafield tag="040" ind1=" " ind2=" ">
    <subfield code="b">por</subfield>
  </datafield>
  <datafield tag="041" ind1=" " ind2=" ">
    <subfield code="h">eng</subfield>
    <subfield code="a">por</subfield>
  </datafield>
  <datafield tag="082" ind1=" " ind2=" ">
    <subfield code="a">813</subfield>
    <subfield code="b">C447s</subfield>
  </datafield>
  <datafield tag="100" ind1=" " ind2=" ">
    <subfield code="a">Chamberlain, Diane</subfield>
    <subfield code="d">1950-</subfield>
    <subfield code="9">263</subfield>
  </datafield>
  <datafield tag="240" ind1=" " ind2=" ">
    <subfield code="a">The midwife&#xB4;s confession</subfield>
  </datafield>
  <datafield tag="245" ind1=" " ind2=" ">
    <subfield code="a">Segredos e mentiras /</subfield>
    <subfield code="c">Chamerlain, Diane ; Tradu&#xE7;&#xE3;o de Regina Lyra</subfield>
  </datafield>
  <datafield tag="260" ind1=" " ind2=" ">
    <subfield code="a">S&#xE3;o Paulo</subfield>
    <subfield code="b">Arqueiro</subfield>
    <subfield code="c">2014</subfield>
  </datafield>
  <datafield tag="300" ind1=" " ind2=" ">
    <subfield code="a">288 p.</subfield>
  </datafield>
  <datafield tag="520" ind1=" " ind2=" ">
    <subfield code="a">Cara Anna, J&#xE1; comecei esta carta v&#xE1;rias vezes e aqui estou, come&#xE7;ando-a novamente, sem fazer a m&#xED;nima ideia de como lhe dizer. A carta n&#xE3;o terminada &#xE9; a &#xFA;nica pista que Tara e Emy t&#xEA;m para entender o que levou sua amiga Noelle ao suic&#xED;dio. As tr&#xEA;s eram insepar&#xE1;veis desde a faculdade e tudo a respeito de Noelle &#x2013; seu trabalho de parteira, a forma como se dedicava apaixonadamente a diversas causas sociais, seu amor pelos amigos e a fam&#xED;lia &#x2013; se encaixava na descri&#xE7;&#xE3;o de uma mulher que amava a pr&#xF3;pria vida.



S&#xF3; que havia muitas coisas que Tara e Emy desconheciam. Por exemplo, quem &#xE9; Anna e por que Noelle nunca a mencionara.


Com a descoberta da carta e do terr&#xED;vel segredo que a motivou, as duas come&#xE7;am a desvendar a verdade sobre essa mulher forte, independente e gentil que entrou em suas vidas trazendo amor e compaix&#xE3;o, mas que tamb&#xE9;m pode ser a respons&#xE1;vel por muitas tristezas e ilus&#xF5;es.


Com delicadeza e equil&#xED;brio, Diane Chamberlain constr&#xF3;i uma hist&#xF3;ria sens&#xED;vel sobre amizade e relacionamentos e levanta a pergunta: at&#xE9; que ponto voc&#xEA; seria capaz de perdoar algu&#xE9;m que ama?</subfield>
  </datafield>
  <datafield tag="650" ind1=" " ind2="0">
    <subfield code="a">Literatura Americana</subfield>
    <subfield code="9">84</subfield>
  </datafield>
  <datafield tag="650" ind1=" " ind2="0">
    <subfield code="a">Sa&#xFA;de Mental</subfield>
    <subfield code="9">308</subfield>
  </datafield>
  <datafield tag="650" ind1=" " ind2="0">
    <subfield code="a">Drama</subfield>
    <subfield code="9">18</subfield>
  </datafield>
  <datafield tag="650" ind1=" " ind2="0">
    <subfield code="a">Grandes Amizades</subfield>
    <subfield code="9">28</subfield>
  </datafield>
  <datafield tag="650" ind1=" " ind2="0">
    <subfield code="a">Pol&#xEA;mica</subfield>
    <subfield code="9">117</subfield>
  </datafield>
  <datafield tag="650" ind1=" " ind2="0">
    <subfield code="a">Experi&#xEA;ncia de vida</subfield>
    <subfield code="9">188</subfield>
  </datafield>
  <datafield tag="655" ind1=" " ind2="0">
    <subfield code="a">Romance</subfield>
    <subfield code="9">23</subfield>
  </datafield>
  <datafield tag="655" ind1=" " ind2="0">
    <subfield code="a">Fic&#xE7;&#xE3;o </subfield>
    <subfield code="9">22</subfield>
  </datafield>
  <datafield tag="700" ind1=" " ind2=" ">
    <subfield code="a">Regina Lyra</subfield>
    <subfield code="e">Tradutor</subfield>
    <subfield code="9">264</subfield>
  </datafield>
  <datafield tag="942" ind1=" " ind2=" ">
    <subfield code="2">ddc</subfield>
    <subfield code="n">0</subfield>
    <subfield code="c">BK</subfield>
  </datafield>
  <datafield tag="952" ind1=" " ind2=" ">
    <subfield code="0">0</subfield>
    <subfield code="1">0</subfield>
    <subfield code="2">ddc</subfield>
    <subfield code="4">0</subfield>
    <subfield code="7">0</subfield>
    <subfield code="8">FIC</subfield>
    <subfield code="a">BIBIB</subfield>
    <subfield code="b">BIBIB</subfield>
    <subfield code="c">LE</subfield>
    <subfield code="d">2022-03-15</subfield>
    <subfield code="e">doa&#xE7;&#xE3;o</subfield>
    <subfield code="l">0</subfield>
    <subfield code="o">813 / C447s</subfield>
    <subfield code="p">2025-16577</subfield>
    <subfield code="r">2025-01-27 07:33:12</subfield>
    <subfield code="w">2025-01-27</subfield>
    <subfield code="y">BK</subfield>
  </datafield>
  <datafield tag="999" ind1=" " ind2=" ">
    <subfield code="c">118</subfield>
    <subfield code="d">118</subfield>
  </datafield>
</record>
